|
|
|
|
| LEADER |
02332nam a22003973i 4500 |
| 001 |
EBC6761369 |
| 003 |
MiAaPQ |
| 005 |
20231204023219.0 |
| 006 |
m o d | |
| 007 |
cr cnu|||||||| |
| 008 |
231204s2020 xx o ||||0 ger d |
| 020 |
|
|
|a 9783839450680
|q (electronic bk.)
|
| 020 |
|
|
|z 9783732850686
|
| 035 |
|
|
|a (MiAaPQ)EBC6761369
|
| 035 |
|
|
|a (Au-PeEL)EBL6761369
|
| 035 |
|
|
|a (OCoLC)1158171180
|
| 040 |
|
|
|a MiAaPQ
|b eng
|e rda
|e pn
|c MiAaPQ
|d MiAaPQ
|
| 050 |
|
4 |
|a E912.F33 2020
|
| 100 |
1 |
|
|a Fach, Wolfgang.
|
| 245 |
1 |
0 |
|a Trump - ein amerikanischer Traum? :
|b Warum Amerika sich verwählt hat.
|
| 250 |
|
|
|a 1st ed.
|
| 264 |
|
1 |
|a Bielefeld :
|b transcript,
|c 2020.
|
| 264 |
|
4 |
|c {copy}2020.
|
| 300 |
|
|
|a 1 online resource (128 pages)
|
| 336 |
|
|
|a text
|b txt
|2 rdacontent
|
| 337 |
|
|
|a computer
|b c
|2 rdamedia
|
| 338 |
|
|
|a online resource
|b cr
|2 rdacarrier
|
| 490 |
1 |
|
|a Edition Politik ;
|v v.91
|
| 505 |
0 |
|
|a Intro -- Inhalt -- Einleitung -- 1. Die Einsicht: An idiot -- 2. Träumer -- 2.1 Moments of madness -- 2.2 This most perfect society -- 3. Farmer -- 3.1 A situation so singularly terrible -- 3.2 The commercial expansionist -- 4. Gründer -- 4.1 His Highness, the President -- 4.2 Unfriendly passions -- 5. Jäger -- 5.1 A government out of sight -- 5.2 To meet his fate like a hero -- 6. Retter -- 6.1 The people's tribune -- 6.2 To win souls -- 7. Lehrer -- 7.1 Success secrets -- 7.2 The gospel of wealth -- 8. Herrscher -- 8.1 Boss Tweed -- 8.2 A feudal baron -- 9. Macher -- 9.1 Patching the state -- 9.2 No sense of the state -- 10. Führer -- 10.1 Spokesman of the nation -- 10.2 The ultimate disruptor -- 11. Die Aussicht: Global idiocy -- Literaturverzeichnis.
|
| 588 |
|
|
|a Description based on publisher supplied metadata and other sources.
|
| 590 |
|
|
|a Electronic reproduction. Ann Arbor, Michigan : ProQuest Ebook Central, 2023. Available via World Wide Web. Access may be limited to ProQuest Ebook Central affiliated libraries.
|
| 655 |
|
4 |
|a Electronic books.
|
| 776 |
0 |
8 |
|i Print version:
|a Fach, Wolfgang
|t Trump - ein amerikanischer Traum?
|d Bielefeld : transcript,c2020
|z 9783732850686
|
| 797 |
2 |
|
|a ProQuest (Firm)
|
| 830 |
|
0 |
|a Edition Politik
|
| 856 |
4 |
0 |
|u https://ebookcentral.proquest.com/lib/matrademy/detail.action?docID=6761369
|z Click to View
|